| 000 | 01191nam a22001457a 4500 | ||
|---|---|---|---|
| 999 |
_c527882 _d527882 |
||
| 008 | 241001b ||||| |||| 00| 0 eng d | ||
| 100 |
_aMishra, R. K. and Kiranmai , J. _947942 |
||
| 245 | _aBook review: Aravind Yelery, China Inc.: Between state capitalism and economic statecraft | ||
| 260 | _aIndian Journal of Public Administration | ||
| 300 | _a70(3), Sep, 2024: p.638-642 | ||
| 520 | _aAravind Yelery, China Inc.: Between State Capitalism and Economic Statecraft. Pentagon Press LLP, 2021, xx+360 pp., ₹1,295. This fascinating publication is an excellent contribution on State-Owned Enterprises (SOEs) in China, dissecting their changing role and importance as an instrument of State Capitalism and Economic Statecraft. Divided into nine chapters, the book is interspersed with rich data and case studies on SOEs and their operations in China. The study is the result of several years’ research at the Hongkong and Sanghai Banking Corporation Limited, Business School of the Peking University.- Reproduced https://journals.sagepub.com/doi/full/10.1177/00195561241257406 | ||
| 773 | _aIndian Journal of Public Administration | ||
| 906 | _aBOOK REVIEW | ||
| 942 | _cAR | ||